000 01531cac a2200253 a 4500
003 CO-PeBPM
005 20251127123325.0
008 231129s1995||||ck ||||||||||||| ||spa||
020 _a0881131881
040 _aCO-PeBPM
_bspa
_cCO-PeBPM
_erda
041 _aspa
082 0 4 _a158.1 F785j
_222
100 1 _aFowler, Richard
_eautor
245 1 0 _aJuntos en la cuerda floja
_b: Cómo mantener el equilibrio en nuestras relaciones con los demás cuando la vida nos ha desestabilizado
_c/ Richard Fowler y Rita Schweitz; traductor Miguel A. Mesías
260 _aEE.UU
_b: Betania
_c, c1995
300 _a253 páginas
_c20 centimetros
490 _aMinirth - Meier
500 _aIncluye índice
520 _aEs posible conservar la estabilidad en medio de una crisis? Cómo enfrentar las tensiones causadas por los descalabros financieros, los cambios de trabajo o vivienda, o la atención de los hijos sin que nadie nos ayude? Cómo superar las secuelas de un divorcio, o la perdida de un trabajo, que conspiran contra nuestra capacidad de mantener buenas relaciones con la familia y los amigos? Cómo vencer la crisis ocasionada por la muerte o la enfermedad de un ser querido? Estas cosas pueden ejercer presiones tremendas sobre sus relaciones con los amigos y la familia, y hasta amenazarlas seriamente cuando m s necesidad tiene de su apoyo y amor.
650 1 4 _aRelaciones personales
_2LEMB
650 1 4 _aEmociones
_2LEMB
700 1 _aMesías, Miguel A.
_etraductor
942 _2ddc
_cBK
999 _c16287
_d16287